01325nam a2200313 a 4500001001200000003000800012006001900020007001500039008004100054020001800095020002700113040002100140035002100161050002500182082001500207245011400222260005300336300002500389490005200414504005100466533015200517650003900669650006500708655002900773700001900802710001700821830004700838856012600885ebr10700059CaPaEBRm o u cr cn|||||||||130524s2013 njuad sb 001 0 eng d z9781118344606 z9781118590140 (e-book) aCaPaEBRcCaPaEBR a(OCoLC)84992703014aQA76.87b.C66 2013eb04a006.3222300aComplex-valued neural networksh[electronic resource] :badvances and applications /cedited by Akira Hirose. aHoboken, N.J. :bJohn Wiley & Sons, Inc.,c2013. axvii, 280 p. :bill.1 aIEEE Press series on computational intelligence aIncludes bibliographical references and index. aElectronic reproduction.bPalo Alto, Calif. :cebrary,d2013.nAvailable via World Wide Web.nAccess may be limited to ebrary affiliated libraries. 0aNeural networks (Computer science) 0aNeural networks (Computer science)xIndustrial applications. 7aElectronic books.2local1 aHirose, Akira.2 aebrary, Inc. 0aIEEE series on computational intelligence.40uhttp://site.ebrary.com/lib/rucke/Doc?id=10700059zAn electronic book accessible through the World Wide Web; click to view